02025nam a22002177a 450000500170000000800410001702000180005804000070007604100080008308200200009110000240011124500170013526000390015230000280019136500620021952012850028165000490156694200120161599900190162795201610164620220118124129.0220118b ||||| |||| 00| 0 eng d a9781529342390 cAL aeng 223a813.6bGRIJ aJohn Grisham913480 aJudge's list aLondonbHodder and Stoughtonc2021 a357p.bPBc22.8X14.5cm. 2Generala4477b₹545.22c₹d₹699.00e22%f18-12-2021 aIn The Whistler, Lacy Stoltz investigated a corrupt judge who was taking millions in bribes from a crime syndicate. She put the criminals away, but only after being attacked and nearly killed. Three years later, and approaching forty, she is tired of her work for the Florida Board on Judicial Conduct and ready for a change. Then she meets a mysterious woman who is so frightened she uses a number of aliases. Jeri Crosby's father was murdered twenty years earlier in a case that remains unsolved and that has grown stone cold. But Jeri has a suspect whom she has become obsessed with and has stalked for two decades. Along the way, she has discovered other victims.Suspicions are easy enough, but proof seems impossible. The man is brilliant, patient, and always one step ahead of law enforcement. He is the most cunning of all serial killers. He knows forensics, police procedure, and most important: he knows the law.He is a judge, in Florida - under Lacy's jurisdiction.He has a list, with the names of his victims and targets, all unsuspecting people unlucky enough to have crossed his path and wronged him in some way. How can Lacy pursue him, without becoming the next name on his list?The Judge's List is by any measure John Grisham's most surprising, chilling novel yet. 2American LiteratureaAmerican Fiction913481 2ddccBK c221220d221220 00102ddc40708GENaSACPGbSACPGd2021-12-30eBiblios Book Pointg545.22l1o813.6 GRIJpPG023543r2026-01-02 10:08:05s2025-12-19v699.00w2022-01-18yBK